000 00560nam a2200205Ia 4500
005 20250508154021.0
008 008 250505s9999 xx 000 0 eng d
037 _aTextual
040 _aFEDL
_beng
_cFEDL
041 _aeng
_2eng
084 _a155.4, STR
_qFEDL
100 _aStrange Ruth
_9764866
245 0 _aChild study : An introducation to
250 _a4th
260 _aNew York, USA
_bThe Macmillan Company
_c1959
300 _axx,543p.
650 _aChild Psychology
942 _cTEXL
_h155.4, STR
999 _c1347059
_d1347059